000 00984nam a2200253 i 4500
001 28306
003 ES-MaACL
005 20230906153826.0
007 t|
008 030117s1897 sp a 00110 spa d
080 _a621.394
100 1 _aBanús y Comas, Carlos.
_925220
245 1 0 _aTelegrafía militar /
_cpor el teniente coronel de ingenieros Don Carlos Banús y Comas.
250 _a2ª ed.
260 _aBarcelona :
_bRedacción y Administración de la Revista Científico-Militar y Biblioteca Militar,
_c1897 (
_fImp. "La Ilustración", a cargo de F. Giró)
300 _a29 p. :
_bil. ;
_c24 cm.
490 1 _aPublicaciones de la Revista científico-militar
530 _aDisponible en formato digital.
650 4 _aTelégrafo.
_917430
830 1 _aPublicaciones de la Revista científico-militar
_9181177
852 4 _aES-MaACL
_jG-9351
856 4 _uhttp://bdh-rd.bne.es/viewer.vm?id=0000187464&page=1
_zBiblioteca Digital Hispánica
999 _c28306
_d28306